000 00713nam a2200193 i 4500
001 160745
003 ES-MaACL
005 20250603181633.0
008 940301s1858 sp |||| | spa d
040 _aAS
_bspa
245 0 0 _aNomenclátor de los pueblos de España
_b: (no están comprendidas las provincias de América y Asia) /
_cformado por la Comisión de Estadística General del Reino ; publícase de orden de S.M.
260 _aMadrid :
_bImprenta Nacional,
_c1858.
300 _a999 p. ;
_c33 cm.
597 _aTexto a dos col.
651 7 _aEspaña-
_xNomencladores
_2
_9165997
852 _aES-MaACL
_jG-2958
_z-- Enc. hol.
852 _aES-MaACL
_jG-2225
_z-- Enc. tela
999 _c160745
_d160745